[Event "Belgrade Trophy 26th"]
[Site "Belgrade"]
[Date "2012.11.29"]
[Round "6"]
[White "Rajkovic, Dusan"]
[Black "Atalik, Suat"]
[Result "0-1"]
[WhiteElo "2418"]
[BlackElo "2595"]
[Annotator "Atalik,S"]
[PlyCount "62"]
[EventDate "2012.11.24"]
[EventType "swiss"]
[EventRounds "9"]
[EventCountry "SRB"]
[SourceTitle "CBM 152"]
[Source "ChessBase"]
[SourceDate "2013.01.15"]
[SourceVersion "1"]
[SourceVersionDate "2013.01.15"]
[SourceQuality "1"]

1. d4 Nf6 2. c4 g6 3. Nc3 d5 4. Bg5 Bg7 $5 ({I had had enough of solid lines
with} 4... Ne4 5. Bf4 ({or} 5. Bh4)) 5. Bxf6 (5. e3 c5 6. Nf3 (6. dxc5 Qa5 7.
Bxf6 Bxf6 8. Rc1 O-O 9. cxd5 Nd7 10. Nf3 Nxc5 {could have transposed to the
game.}) 6... O-O 7. Bxf6 Bxf6 8. Nxd5 Bg7 $44) 5... Bxf6 6. cxd5 c5 $1 {
It is especially for this move that I have picked up this line.} 7. dxc5 (7.
Nf3 cxd4 8. Nxd4 Qb6 9. Nb3 a5 $132) (7. dxc6 Bxd4 8. cxb7 Bxb7 $44 {is known
to be a good line for Black.}) 7... Nd7 8. e3 {The most natural move.} (8. Qa4
Qc7 9. Ne4 (9. Nf3 Qxc5 10. Rc1 O-O $44) 9... Bxb2 10. Rb1 Bg7 11. d6 Qc6 {
may turn out to be in Black's favour.}) 8... Qa5 (8... Nxc5 9. Bb5+ Kf8 10.
Nge2 {easy development for Black.}) 9. Rc1 O-O (9... Nxc5 10. Bb5+ Bd7 11.
Bxd7+ Kxd7 $1 12. Nge2 Bxc3+ 13. Nxc3 Qa6 $132 {is a healthy alternative.}) 10.
Nf3 (10. Bc4 Qxc5 (10... Nxc5 11. Nge2 Qb4 12. b3 $1 {White is safe after} a6 (
12... Ne4 13. a3 $1) 13. Nd4 Ne4 14. a3 $1) (10... b5 $5 11. cxb6 Nxb6 12. Bb3
Ba6 13. Nge2 Rfd8 $44 (13... Nc4 14. Qc2)) 11. Bb3 Qb4 $1 12. Nf3 Nc5 13. Nd4
Bd7 14. O-O a5 $44) 10... Nxc5 11. Nd2 $2 {An unexpectedly bad move by the
seasoned grandmaster.} (11. Nd4 Bd7 {leads to Moiseenko-Melkumyan, Euro Clubs,
Plovdiv 2010.} (11... Rd8 12. Bc4 Qb6 $5) 12. Nb3 Nxb3 13. Qxb3 {looks like a
huge improvement for White, alas he still is on the wrong side of some
equality.} Rfc8 14. Be2 Rc7 15. O-O Rac8 $40 {Black has strong pressure.})
11... Bf5 12. Nb3 (12. Nc4 Qb4 13. a3 Qb3 14. d6 e6 $17 {and White's position
is a wreck.}) 12... Nxb3 13. Qxb3 Be4 $17 {This looks catastrophic for White.}
14. Bc4 $1 Bxg2 15. Rg1 Bh3 $2 {This misplaces the bishop} ({compared to the
contraversial} 15... Bf3 $5 16. Rg3 Bh5 $17 {was more to the point.}) 16. Ke2
b5 17. Qxb5 (17. Bd3 Qc7 18. Rg3 (18. Ne4 Bg4+ {is the point.}) 18... Bd7 $17)
17... Qc7 18. d6 $2 $138 {This does not do any damage to Black's position.} (
18. Ne4 Qe5 (18... Rab8 $2 19. d6) 19. Nxf6+ exf6 20. b3 Qxh2 21. Rg3 $132)
18... Qxd6 19. Qh5 Be6 (19... Qxh2 $6 20. Qf3 $1 $44 (20. Rxg6+ $2 hxg6 21.
Qxg6+ Bg7 22. Rg1 Qe5 $19)) (19... Bxc3 20. Rxc3 Be6) 20. Bxe6 $6 (20. Ne4
Bxc4+ 21. Rxc4 Qa6 22. Nxf6+ exf6 $17) 20... Qxe6 21. Qd5 Qa6+ 22. Qd3 Qa5 23.
Nd5 Bxb2 24. Nxe7+ (24. Rc2 Bf6 $17) 24... Kh8 25. Rb1 Rad8 26. Qc4 {Black has
to cover the important diagonal} ({since} 26. Qc2 Qa6+ $1 27. Kf3 Qf6+ 28. Ke2
Ba3 $19 {loses the knight.}) 26... Rd2+ 27. Kf3 Qh5+ 28. Qg4 Qxh2 $2 (28... Qb5
$142 $19 {decides the game at once.}) 29. Rgf1 $2 {White tricks himself.} (29.
Rg2 Qd6 30. Qh4 Bg7 (30... Bf6 $2 31. Qxh7+ Kxh7 32. Rh1+ Kg7 (32... Bh4 33.
Rxh4+ Kg7 34. Nf5+ Kf6 35. Nxd6 Rxd6 $11) 33. Nf5+ Kg8 34. Nh6+ $11) 31. Rh1 h5
(31... h6 $2 {runs into the trick stated above this time with} 32. Qxh6+ $1
Bxh6 33. Rxh6+ Kg7 34. Nf5+ Kf6 35. Nxd6 Rxd6 $11) 32. Qg5 Qf6+ 33. Qxf6 Bxf6
34. Nc6 Rxa2 $17) 29... Qd6 (29... Be5 $5 $19 {is a serious option stealing
the f4-square from White's queen.}) 30. Qe4 Qf6+ $2 $138 {It is Black's turn
to trick himself.} (30... f5 $1 31. Qb7 Qh2 $1 (31... f4 $5 32. Rxb2 fxe3+ 33.
Kg2 e2 {I missed the strength of this move} 34. Re1 Qf6 $19) (31... Bf6 $4 32.
Nxg6+ $1 {is what I noticed during the game.}) (31... Ba3 32. Qc6) 32. Rxb2
Qh3+ 33. Kf4 Qh4+ 34. Ke5 Rxb2 35. Qxb2 Qf6+ $19 {wins geometrically.}) 31. Kg2
$4 {Here it was not even clear if Dusan could have made it to the next time
control since he had seconds left on his clock. I have to state that there was
no increment in the time control used.} (31. Qf4 Qxe7 32. Rxb2 Rd5 $19 {
and Black has to sweat.}) {White has overstepped the time limit.} 31... Re8
$138 (31... Re8 32. Nxg6+ Qxg6+ {This counter check finishes the game off.} 33.
Qxg6 hxg6 $19) 0-1

[Event "SRB Central-ch op-A 5th"]
[Site "Paracin"]
[Date "2012.07.13"]
[Round "9"]
[White "Pap, Gyula"]
[Black "Atalik, Suat"]
[Result "1/2-1/2"]
[WhiteElo "2566"]
[BlackElo "2599"]
[Annotator "Atalik,S"]
[PlyCount "41"]
[EventDate "2012.07.06"]
[EventType "swiss"]
[EventRounds "9"]
[EventCountry "SRB"]
[SourceTitle "CBM 149 Extra"]
[Source "ChessBase"]
[SourceDate "2012.08.24"]
[SourceVersion "1"]
[SourceVersionDate "2012.08.24"]
[SourceQuality "1"]

1. d4 Nf6 2. c4 g6 3. Nc3 d5 4. Bg5 Ne4 ({I really can never understand the
intension behind this weak move.} 4... Bg7 5. e3 (5. Bxf6 Bxf6 6. cxd5 c6 7.
Rc1 (7. e4 Qb6 8. e5 Qxb2 9. Nge2 Bg7 10. g3 O-O 11. Bg2 cxd5 12. Rb1 Qa3 13.
Nxd5 Nc6 14. O-O Bg4 $132) 7... O-O 8. dxc6 Qxd4 9. Qxd4 Bxd4 10. cxb7 Bxb7 11.
e3 Bf6 12. Nf3 Nd7 13. Bb5 Rfd8 14. O-O Bxf3 15. gxf3 Rab8 16. Bxd7 Rxd7 17.
Rc2 Rdb7 18. Rb1 Bxc3 19. Rxc3 Rxb2 20. Rxb2 Rxb2 21. Ra3 Rb7 $14) 5... c5 6.
dxc5 Qa5 7. Bxf6 Bxf6 8. Rc1 dxc4 (8... O-O 9. cxd5 Nd7 10. Nge2 Nxc5 11. Nd4
Bd7 12. Bc4 $16) 9. Bxc4 O-O 10. Nf3 Qxc5 11. Qe2 $14) 5. h4 $5 {Jobava's
daring idea.} ({My idea in this game is a result of inspiration by the
following line.} 5. Bh4 c5 6. cxd5 Nxc3 7. bxc3 Qxd5 8. e3 Nc6 (8... Bg7 9. Qf3
(9. Nf3 cxd4 10. exd4 Nc6 11. Be2 O-O 12. O-O Bf5 13. Qb3 Qd7 $13) 9... Be6 10.
Bb5+ Nc6 11. e4 Qh5 12. Qxh5 gxh5 13. Ne2 cxd4 14. cxd4 a6 15. Bxc6+ bxc6 $13)
9. Qf3 Qf5 10. Bb5 Bd7 11. Qxf5 gxf5 12. Nf3 e6 13. O-O Be7 14. Bg3 f6 15. Rfd1
cxd4 16. cxd4 Nb4 $132) (5. Bf4 $5 {The safest of all.} Nxc3 6. bxc3 c5 (6...
dxc4 7. Qa4+ (7. e3 Be6 8. Rb1 Nd7 9. Rxb7 Bg7 $44) 7... c6 8. Qxc4 Bg7 9. e3
Nd7 10. Nf3 O-O 11. Be2 $14) 7. e3 Bg7 8. Nf3 O-O 9. cxd5 Qxd5 10. Be2 cxd4 11.
cxd4 Nc6 12. O-O Bf5 13. Qa4 Qa5 14. Qb3 Qb4 15. Rfc1 Qxb3 16. axb3 a6 $11)
5... c5 6. cxd5 Nxc3 7. bxc3 Qxd5 8. e3 Nc6 $1 {I want my bishop on f8!} (8...
Bg7 9. Qf3 Be6 {is another idea which I have tried in blitz games.} 10. Bb5+
Nd7 11. e4 Qd6 12. d5 Bg4 13. Qe3 $1 $14 (13. Qxg4 $2 Bxc3+ 14. Ke2 Bxa1 15.
Nf3 Bd4 $1 $17 {does not work properly for White.})) 9. Qf3 (9. Nf3 {does not
make a good combination with h4.} cxd4 10. exd4 Bg7 11. Be2 O-O 12. O-O Bf5 13.
Qb3 Qd7 14. Rfe1 Be6 15. Qa3 Bd5 $13) 9... Qf5 $1 10. Bc4 $6 {My young
opponent did not bother to check the subtleties of this line.} ({Only} 10. Bb5
{makes sense.} Bd7 11. Qxf5 gxf5 12. Nf3 f6 13. Bf4 cxd4 14. exd4 (14. cxd4 $2
a6 15. Ba4 Nb4 16. Bxd7+ Kxd7 17. Rb1 e6 $17) 14... e6 15. O-O Na5 16. a4 a6
17. Be2 Rc8 18. Rab1 Bc6 19. c4 Be4 20. c5 $1 Rg8 $132) 10... cxd4 11. Qxf5 $6
(11. exd4 Bg7 12. Qe3 $1 O-O 13. Nf3 e5 14. O-O exd4 15. cxd4 Be6 16. Bxe6 Qxe6
17. Qxe6 fxe6 18. Rad1 h6 19. Be3 Rf5 20. Ne5 $1 $44) 11... Bxf5 12. cxd4 f6 $6
{The most obvious move is not always the best.} (12... Rc8 $142 13. Bb5 a6 14.
Bxc6+ Rxc6 15. Nf3 f6 16. Bf4 e6 17. O-O Ba3 18. d5 $1 $44) 13. Bf4 e5 (13...
Rc8 14. Bb5 a6 15. Bxc6+ Rxc6 16. Nf3 e6 17. O-O {transposes to the note above.
}) 14. dxe5 Bb4+ 15. Ke2 $1 (15. Kf1 $6 fxe5 (15... Bc3 $6 16. Rd1 Bxe5 17. Ne2
Ke7 $13) 16. Bh6 O-O-O $40) 15... Bc3 (15... fxe5 {may be structurally wrong
so Black may consider taking a draw with} 16. Bg5 Rc8 17. Rc1 Ba3 18. Rc3 Bb4
$11 {by repetition.}) 16. Rc1 Bb2 $6 {A terribly risky move!} (16... Bxe5 17.
Bxe5 Nxe5 18. Nf3 $1 Nxc4 19. Rxc4 Be6 20. Rc2 b5 21. Nd4 Bc4+ 22. Kf3 Kf7 $11)
17. Rd1 $6 {He played this one incredibly fast!} (17. Nf3 $3 fxe5 18. Bh6 Bxc1
19. Rxc1 Ke7 20. Bg5+ $44) 17... Bxe5 (17... Nxe5 18. Bd5 O-O-O 19. e4 Bd7 20.
Bxe5 Bxe5 21. Nf3 Bg4 22. Rb1 Rd7 23. Ke3 $11) 18. Bxe5 (18. Bh6 $6 {looks
good but misplaces the bishop.} Ke7 19. f4 Bc7 20. Nf3 Rhd8 $15) 18... Nxe5 19.
Bb3 $1 {The first accurate move.} (19. Bd5 $6 O-O-O 20. e4 Bd7 21. f4 Bb5+ 22.
Ke3 Ng4+ 23. Kf3 f5 $17) 19... Ke7 20. Nh3 $1 {Then the second!} Bd7 (20...
Rhc8 21. Nf4 Bc2 22. Rd2 Bxb3 23. axb3 $11) 21. Rd4 {I was actually happy with
his draw offer after I had started to lose my initiative in the game.} (21. Rd4
Bb5+ 22. Kd2 Rac8 23. Nf4 Bc4 $11) (21. f3 Bb5+ 22. Kf2 Rhd8 23. Nf4 Bc4 24.
Bxc4 Nxc4 25. Nd5+ Kf7 $13) 1/2-1/2

[Event "Vojvodina-ch 7th"]
[Site "Novi Sad"]
[Date "2016.07.17"]
[Round "4"]
[White "Atalik, Suat"]
[Black "Obodchuk, Andrei"]
[Result "0-1"]
[WhiteElo "2564"]
[BlackElo "2395"]
[Annotator "Atalik,S"]
[PlyCount "118"]
[EventDate "2016.07.15"]
[EventType "swiss"]
[EventRounds "9"]
[EventCountry "YUG"]
[SourceTitle "CBM 174"]
[Source "ChessBase"]
[SourceDate "2016.09.13"]
[SourceVersion "1"]
[SourceVersionDate "2016.09.13"]
[SourceQuality "1"]

1. d4 Nf6 2. c4 g6 3. Nc3 d5 4. Nf3 (4. Bg5 Ne4 5. Bf4 $5 {is the sister line.}
) 4... Bg7 5. Bg5 Ne4 6. Bf4 $5 Nxc3 7. bxc3 c5 (7... dxc4 8. e3 Be6 (8... b5
9. a4 c6 10. Qb1 Bf5 $1 11. e4 Bd7 12. h4 h6 $13) 9. Qb1 b6 10. Ng5 Bd5 11. e4
h6 12. Nf3 Be6 $13 {gives an unclear game.}) 8. cxd5 Qxd5 9. e3 cxd4 10. cxd4
Nc6 11. Be2 O-O (11... Qa5+ 12. Qd2 Qxd2+ 13. Kxd2 {is another ending where
both sides have to be careful.} O-O 14. Rhc1 (14. Bb5 Bd7 15. Rab1 Rfd8 16. Ke2
Bf5 17. Rb3 $13) 14... Rd8 15. Ke1 Bf5 16. a3 $1 Rac8 17. h3 h5 18. Bc4 e6 $11)
12. O-O Bf5 13. Qa4 Qa5 14. Qb3 (14. Qxa5 Nxa5 15. Rfc1 Rfc8 16. Nd2 Rxc1+ 17.
Rxc1 Rc8 18. Rxc8+ Bxc8 $11 {and it is doubtful if White has any advantage.})
14... Qb4 15. Rfc1 Qxb3 (15... Rac8 16. h3 a6 17. Qd1 Qa3 (17... Rfd8 18. a3
Qb6 19. g4 $40) 18. g4 Bd7 19. Qb3 Qxb3 20. axb3 $14 {with a similar ending to
the game continuation.}) (15... Rfc8 $4 16. Rxc6 $1 {is the oldest trick.}) 16.
axb3 Rfc8 17. h3 $146 (17. Bc4 a6 18. h3 e6 $5) 17... a6 (17... h5 $6 18. Ng5
e5 19. dxe5 Bxe5 20. Bxe5 Nxe5 21. e4 Bd7 22. f4 Rxc1+ 23. Rxc1 Nc6 24. Bc4 Be8
25. Bd5 $16) 18. g4 Bd7 19. Bg3 $1 $14 {White has a small but solid edge.} Na7
$6 (19... Nb4 $1 20. Ne5 $140 Rxc1+ 21. Rxc1 Rc8) 20. Ne5 {This move leading
ton apparently favourable exchange is never so effective.} (20. Ng5 Bb5 21. Bc4
$5) (20. Nd2 $142 Rxc1+ 21. Rxc1 Rc8 22. Rxc8+ Nxc8 23. Bf3 b5 24. b4 e6 25.
Ne4 Nb6 26. Nc5 Bc8 27. Bd6 $16) 20... Bxe5 $1 21. Bxe5 Rxc1+ 22. Rxc1 Rc8 23.
Rd1 $6 (23. Rxc8+ Bxc8 (23... Nxc8 24. Bf3 Bc6 25. Bxc6 bxc6 26. Kf1 $16) 24.
d5 $14) (23. Rb1 $5) 23... Nc6 $2 (23... Rc3 $1 24. Rd3 (24. d5 $2 Rxb3 25. Rc1
Nb5 (25... Kf8 26. Rc7 Ke8 27. Bxa6) 26. Bxb5 Rxb5 27. e4 f6 $17 {and Black
keeps the pawn.}) 24... Rxd3 25. Bxd3 {and anyway the exchange happens.}) 24.
Bf4 Na5 25. Bf3 e6 26. b4 Nc6 27. g5 Nd8 28. Be5 Bb5 29. Bf6 Nc6 30. Rb1 $5 (
30. d5 exd5 31. Bxd5 Nxb4 32. Bxb7 $14) 30... b6 31. e4 Nb8 $1 {Tough defence.}
32. d5 $6 {White should not hurry with this push.} (32. Kg2 $1 Nd7 33. Be7 (33.
e5 $6 Nxf6 34. gxf6 Kf8 $132) 33... Kg7 34. e5 $16) (32. e5 Rc3) 32... Nd7 $1 (
{Even} 32... exd5 33. exd5 Nd7 34. Bg4 Rc2 35. Bxd7 Bxd7 $13 {is not clear
because,to reach the back ranks is a serious problem for Black.}) 33. Bg4 $4 {
Inexplicable!} (33. dxe6 Nxf6 (33... fxe6 34. Bg4 Kf7 35. Ba1 Rc2 $132) 34.
gxf6 fxe6 35. e5 Rc4 36. Rd1 Kf7 $132) ({I had to play} 33. Ba1 $142 $1 $36 {
and show some patience.}) (33. d6 h6 34. h4 h5 $1 $11) 33... Nxf6 34. gxf6 h5
35. Bf3 $2 ({Good or bad I had to try} 35. dxe6 $5 hxg4 36. e7 gxh3 $1 (36...
Rc4 $2 37. hxg4 Rxe4 38. f3 Re5 39. f4 Re4 40. g5 Rxf4 41. Rd1 Rg4+ 42. Kh2
Rxg5 43. Rd8+ Kh7 44. Rf8 $11) 37. Rd1 Kh7 (37... Rc4 $2 38. e5 $18) 38. Rd8
Rc4 39. f3 g5 $1 40. Rd5 Rc8 41. Rd8 Rc1+ 42. Kh2 Kg6 43. Kxh3 Rc4 (43... Kxf6
$2 44. e8=Q Bxe8 45. Rxe8 Rc4 46. Ra8 $132) 44. e8=Q Bxe8 45. Rxe8 Rxb4 46. e5
Kf5 $19 {is still a tiny route to victory.}) 35... exd5 36. exd5 (36. e5 Re8
37. Re1 d4 38. Bd1 d3 39. f4 d2 40. Re4 Rd8 $19) 36... Rd8 37. Rc1 (37. h4 Rd6
38. Kg2 Rxf6 39. Kg3 Kf8 40. Be4 Ke7 $17) 37... Rd6 38. Rc8+ Kh7 39. Be4 Rxf6
40. Rc7 $2 {This allows the black rook to infiltrate White's camp.} (40. f3
$142 Rd6 41. f4) 40... Kg7 41. f3 Rd6 42. f4 Rd7 $1 43. Rc8 Re7 44. Bf3 Re3 45.
Kf2 Rb3 $19 46. Rb8 Rxb4 47. Rxb6 (47. f5 Ba4) 47... Rxf4 48. d6 (48. Ke3 Rh4
49. Bg2 g5) 48... Rd4 49. Bb7 (49. Ke3 Rd3+ 50. Ke4 f5+) 49... Kf6 50. Bxa6
Bxa6 51. Rxa6 Ke6 {...and the last pawn falls leading the game into a basic
endgame with two pawns up for Black.} 52. Ra7 Rxd6 53. h4 f6 54. Rh7 Kf5 55.
Rh6 Rd4 56. Kg3 Rg4+ 57. Kh3 Kf4 58. Rh8 Rg3+ 59. Kh2 Kg4 0-1

[Event "SRB-chT"]
[Site "Kragujevac"]
[Date "2016.09.24"]
[Round "3.4"]
[White "Georgiev, Kiril"]
[Black "Atalik, Suat"]
[Result "1-0"]
[WhiteElo "2608"]
[BlackElo "2544"]
[Annotator "Atalik,S"]
[PlyCount "57"]
[EventDate "2016.09.22"]
[EventType "team-tourn"]
[EventRounds "11"]
[EventCountry "SRB"]
[SourceTitle "CBM 175"]
[Source "ChessBase"]
[SourceDate "2016.11.10"]
[SourceVersion "1"]
[SourceVersionDate "2016.11.10"]
[SourceQuality "1"]
[WhiteTeam "Metalac"]
[BlackTeam "Sloga Turist"]
[WhiteTeamCountry "SRB"]
[BlackTeamCountry "SRB"]

1. d4 Nf6 2. c4 g6 3. Nc3 d5 4. Bg5 $5 {The pawn sacrifice line.} Ne4 (4... Bg7
5. Bxf6 Bxf6 6. cxd5 c5 7. dxc5 Nd7 8. e3 O-O 9. Bc4 Nxc5 10. Nge2 Qa5 11. O-O
(11. Qd2 b5) 11... Qb4 12. Bb3 Bf5 13. Nd4 Bd3 14. Re1 Rfd8 15. Qd2 a5 $13 {
is what I also analysed to give decent compensation for the sacrificed pawn.
Within 3 days it had been played at the Tal Memorial!}) 5. Bh4 Nxc3 6. bxc3
dxc4 7. e3 Be6 8. Nf3 (8. Be2 Nd7 9. Nf3 (9. d5 Bf5 10. Qd4 Rg8) 9... Bg7 10.
O-O Nb6 11. Qc2 O-O 12. Rfb1 Qd7 13. a4 a5 14. Nd2 Bd5 15. e4 Bc6 $13 {has
been popular over recent years.}) 8... c6 $5 {An over the board decision.} (
8... Bg7 9. Be2 (9. Qb1 Qd5 10. Be2 Bf5 11. Qb4 c5 12. Qxc4 Qxc4 13. Bxc4 Nc6
14. O-O Rc8 $132) (9. Rb1 O-O $1 10. Rxb7 Bd5 11. Rb1 c5 12. Be2 Qa5 $132) 9...
c5 10. O-O O-O 11. Rb1 b6 $13 {is known.}) 9. a4 $146 {The move pleasantly
surprised me since Black has a clear plan.} (9. Be2 b5 (9... Bh6 10. O-O b5 11.
a4 a6 12. e4 O-O 13. d5 cxd5 14. Nd4 $13) 10. a4 Bg7 11. O-O O-O 12. Ng5 Bd7 $1
13. Ne4 a5 (13... a6 $5) 14. Nc5 Be8 $13) (9. Ng5 Bd5 10. e4 h6 11. exd5 hxg5
12. dxc6 Nxc6 13. Bxg5 Qd5 14. h4 (14. Qg4 e5 $132) 14... Bh6 $132 {is what I
remembered.}) 9... Qa5 10. Qc2 $5 ({I only thought of} 10. Qc1 Nd7 11. Be2 Bg7
(11... Nb6 12. O-O Rd8 13. Nd2) 12. O-O Bf6 13. Bg3 O-O 14. Qa3 (14. Nd2 c5)
14... Nb6 15. Nd2 c5 16. Ne4 cxd4 17. cxd4 Bd5 $13) 10... Nd7 11. Be2 Bg7 12.
O-O Bf6 $5 {The start of an artificial plan.} (12... Nb6 13. Nd2 Rd8 14. Rfb1
Rd7 $13) 13. Bg3 h5 $6 {Unnecessarily aggressive!} (13... Bg4 $142 $1 14. h3 (
14. Bxc4 Bxf3 15. gxf3 Nb6 16. Bd3 Rc8) 14... Bxf3 15. Bxf3 O-O 16. Rfb1 Nb6
17. Qb2 e5 18. Qb4 Qxb4 19. Rxb4 exd4 20. exd4 (20. cxd4 $2 c5) 20... Nd5 21.
Rxc4 Nxc3 22. Rxc3 Bxd4 23. Rac1 Bxc3 24. Rxc3 Rad8 $13 {is a curious ending.})
14. h3 g5 $2 {The kingside attack does not work but for some reason I was
mesmerised.} (14... h4 15. Bh2 Nb6 16. Nd2 $44 {suggests itself.}) 15. Nd2 g4
16. h4 $16 Nf8 17. Nxc4 Bxc4 18. Bxc4 Ng6 19. Rab1 $1 {Softens the queenside
where a further Qe4 becomes a threat.} (19. Qb3 O-O 20. Qxb7 Nxh4) 19... b6 20.
e4 (20. f3 {might even be more effective.}) 20... e5 (20... Bxh4 21. e5 Bxg3
22. fxg3 Nxe5 23. Qe4 $1 Nxc4 24. Qxc6+ Kf8 25. Qxa8+ Kg7 26. Rxf7+ $1 Kxf7 27.
Qxh8 $18 {does not work.}) 21. f4 $1 {Now Black is lost.} (21. d5 Qc5 22. Qb3
O-O 23. dxc6 $16) (21. Qb3 O-O 22. f3 $16) 21... exd4 22. e5 Bxh4 (22... d3 23.
Qxd3 Bxh4 24. e6 $1 $18) 23. Qf5 $1 $18 {I should have resigned now.} ({Even} 
23. Bxh4 d3 $1 24. Qxd3 Nxh4 25. e6 Qc5+ 26. Kh1 O-O 27. exf7+ Kg7 28. f5 $18)
23... Rf8 24. Bxf7+ Rxf7 25. Qxg6 Bxg3 26. e6 (26. Qxc6+ Kf8 27. Qxa8+ Kg7 28.
e6 $18 {and there are no tactics.}) 26... O-O-O 27. Qxf7 Qd5 28. c4 (28. Qxa7
$18) 28... Qxc4 29. Qxa7 {A bad defeat!} 1-0